Slayer Studios Albums - Statistics

General Stats
  • This quiz has been taken 32 times
  • The average score is 9 of 12
Answer Stats
Year Album Name % Correct
1986 Reign in Blood
100%
2015 Repentless
93%
1988 South of Heaven
89%
1983 Show no Mercy
81%
2001 God Hates us All
81%
1990 Seasons in the Abyss
81%
1985 Hell Awaits
74%
2009 World Painted Blood
67%
2006 Christ Illusion
63%
1998 Diabolus in Musica
56%
1994 Divine Intervention
52%
1996 Undisputed Attitude
52%
No matching quizzes found
Score Distribution
Percent of People with Each Score
Percentile by Number Answered
Your Score History
You have not taken this quiz